Entdecken sie den Weintourismus : Barcelona ist viel mehr Barcelona ist viel mehr
Descripción Física:
23 pàgines : il·lustracions ; 24 cm
Materias:
Enoturisme -- Guies -- Barcelona (Província)
; Barcelona (Catalunya : Província) -- Descripcions i viatges
Idioma:
Catalán
MARC
| LEADER | 00000nam a2200000 a 4500 | ||
|---|---|---|---|
| 001 | 25623 | ||
| 008 | 220524b spa||||| |||| 00| 0 cat d | ||
| 017 | |a DL B 12741-2017 | ||
| 080 | |a FU-69-68 | ||
| 245 | |a Entdecken sie den Weintourismus : |b Barcelona ist viel mehr | ||
| 260 | |a Barcelona : |b Diputació de Barcelona, |c 2017 | ||
| 300 | |a 23 pàgines : |b il·lustracions ; |c 24 cm | ||
| 650 | 0 | |a Enoturisme |v Guies |z Barcelona (Província) | |
| 651 | 0 | |a Barcelona (Catalunya : Província) |x Descripcions i viatges |9 52924 | |
| 710 | 1 | |a Barcelona (Catalunya : Província). |b Diputació |9 52408 | |
| 710 | 2 | |9 52850 |a Barcelona ist viel mehr |e marca turística | |
| 901 | |a Arxiu | ||
| 942 | |n 1 |2 udc | ||
| 952 | |0 0 |1 0 |4 0 |7 1 |9 62006 |a Arxiu |b Arxiu |d 2022-05-24 |o FU-69-68 |p 25623 |r 2022-05-24 00:00:00 |w 2022-05-24 |y ARXIU | ||
| 999 | |c 81724 |d 81724 | ||